000 01539cam a2200337 a 4500
001 2000
003 FISKH
005 20231025134447.0
008 081113s2009 ilua j b 001 0 eng
010 _a 2008049161
020 _a9781432927462 (hc)
020 _a9781432957933
040 _aDLC
_cDLC
_beng
_dDLC
043 _azmo----
050 0 0 _aQB582
_b.G85 2009
082 0 0 _a523.3
_222
100 1 _aGuillain, Charlotte.
245 1 4 _aThe moon /
_cCharlotte Guillain.
260 _aChicago :
_bAcorn,
_c2009.
300 _a24 pages :
_bcolor illustrations :
_c18 × 21 cm
490 0 _aSpace
505 0 _aG
520 _aRead this book to find out about the Moon. Books in this series introduce children to outer space. Each book uses simple, repetitive text to teach children basic vocabulary, and includes stunning photographs and artwork to show the main features of our Solar System. In The Moon, children learn what the Moon is made of, how the Moon moves around Earth, and how people have visited the Moon.
521 8 _a320
_bLexile
521 8 _aG
_bRaz-Plus
650 0 _aSatellites
_vJuvenile literature.
651 0 _aMoon
_vJuvenile literature.
906 _a7
_bcbc
_corignew
_d1
_eecip
_f20
_gy-gencatlg
942 _2ddc
_cBK
_n0
999 _c2000
_d2000